000
00325nam a22001457a 4500
008
210609b ||||| |||| 00| 0 eng d
020
_a
9780801332760
041
_a
eng
080
_2
4th
_a
338
082
_a
338
100
_a
53
101
_a
MEN
245
_a
Working Through Conflict
_c
Joseph P. Folger
942
_2
udc
_c
BK
999
_c
58083
_d
58083